Score 0/14 Timer 02:00
2 Plays Today
Spanish Expression Missing Word % Correct
Buenos ________días
92.9%
Cinco de ________Mayo
92.7%
________ NavidadFeliz
92.4%
¿Qué hora ________?es
91.5%
No ______ españolhablo
90.8%
________ nadaDe
90.3%
________ la vistaHasta
89.5%
Spanish Expression Missing Word % Correct
¿ ________ está usted?Cómo
86.7%
________ gustoMucho
84.9%
________ graciasMuchas
81.7%
¿Cómo ______ llamas?te
80.6%
¿Cuántos ________ tienes?años
80.5%
¿Dónde está el ________?baño
77.9%
¿De ________ eres?dónde
73.4%

Today's Daily Dose

Word Ladder
Silence

Get the Picture
Philly Team Facts

You're not logged in!

Compare scores with friends on all Sporcle quizzes.
OR
Log In

Sporcle TV

Today on Sporcle TV


Watch our educational content, quiz creation guides, and fun videos on Sporcle TV.

Show Comments

Extras

Top Quizzes Today


Score Distribution

Your Account Isn't Verified!

In order to create a playlist on Sporcle, you need to verify the email address you used during registration. Go to your Sporcle Settings to finish the process.

Report this User

Report this user for behavior that violates our Community Guidelines.

Details: